Etica y realismo /

Gardado en:
Detalles Bibliográficos
Autor Principal: Millán Puelles, Antonio (autor)
Formato: Libro
Idioma:Lingua castelá
Publicado: Madrid, España : Rialp, 1999, c1999
Edición:2a edición
Temas:
Etiquetas: Engadir etiqueta
Sen Etiquetas, Sexa o primeiro en etiquetar este rexistro!

MARC

LEADER 00000nam^a2200000^a^4500
001 000150051
005 20250521000000.0
005 20250521000000.0
009 20260310100122.329
020 |a 84-321-3111-3 
037 |a Acervo ITESO - Biblioteca 
041 |a ESP 
082 |a 170. 1  |b MIL 
100 |a Millán Puelles, Antonio  |e (autor) 
245 1 0 |a Etica y realismo /  |c A. Millán Puelles. 
250 |a 2a edición 
264 4 |a Madrid, España :  |b Rialp,  |c 1999, c1999 
300 |a 125 p. 
336 |a texto  |b txt  |2 rdacontenido 
337 |a sin mediación  |b n  |2 rdamedio 
338 |a volumen  |b nc  |2 rdasoporte 
649 |a XX 
650 |a Valores 
650 |a Religión 
650 |a Axiología 
650 |a Relativismo 
650 |a Libertad 
650 |a Placer 
650 |a Autoconcepto 
650 |a Cristianismo 
650 |a Felicidad 
650 |a Filosofía del Siglo XX 
650 |a Filosofía -  |z España 
650 |a Conducta de Vida 
650 |a Amor 
650 |a Prudencia 
910 |a Fondo General 
920 |a Impresos - Libros 
930 |a Colección General 
905 |a 101 
901 |a 0500079699  |b IT1  |c ACC  |u 20250521 
902 |a https://opac.biblio.iteso.mx/vufind/Record/000150051